Marketingová studie

Komplexná charakteristika zvolenej marketingovej agentúry. Metodický postup. Charakteristika reklamnej agentúry Partnerhouse. Analýza ponúkaných služieb. Mediálne plánovanie. Reklama v dopravných prostriedkoch, bigboardy a billboardy. Direct marketing. Analýza marketingových a ekonomických nástrojov...

Descrizione completa

Salvato in:
Dettagli Bibliografici
Autore principale: Kořenek, M.
Natura: Capitolo di libro
Lingua:ceco
Soggetti:
Tags: Aggiungi Tag
Nessun Tag, puoi essere il primo ad aggiungerne!!

MARC

LEADER 00000naa a2200000 4500
001 r028090
005 20230927130027.8
041 0 |a cze 
044 |a CZ 
245 1 0 |a Marketingová studie  |c M. Kořenek 
520 |a Komplexná charakteristika zvolenej marketingovej agentúry. Metodický postup. Charakteristika reklamnej agentúry Partnerhouse. Analýza ponúkaných služieb. Mediálne plánovanie. Reklama v dopravných prostriedkoch, bigboardy a billboardy. Direct marketing. Analýza marketingových a ekonomických nástrojov. Marketingová štúdia prípravy reklamnej kampane. Marketingová stratégia pre firmu K-Kralupol s dôrazom a na výskum verejnej mienky. 
610 2 0 |a stratégia marketingová 
610 2 0 |a štúdie prípadové 
610 2 0 |a K-Kralupol 
610 2 0 |a Partnerhouse, s.r.o. 
610 2 0 |a agentúry 
610 2 0 |a reklama 
610 2 0 |a služby 
610 2 0 |a kampane reklamné 
610 2 0 |a médiá 
610 2 0 |a prostriedky reklamné 
610 2 0 |a nástroje marketingové 
610 2 0 |a marketing priamy 
100 1 |a Kořenek, M.